| 000 | 00729cab a2200181 4500 | ||
|---|---|---|---|
| 001 | ##L134076 | ||
| 008 | 060706n2006 000 0 eng u | ||
| 035 | _a(Sirsi) u134076 | ||
| 041 | 0 | _aeng | |
| 100 | 1 | _aRowe, Stephen | |
| 245 | 0 | 0 | _aBest practice decoded |
| 260 | _c2006 | ||
| 490 | 0 |
_aEstates Gazette _v(0626) 1 July 2006, 144-146(2) |
|
| 520 | _aAn interview with the new RICS President, Graham Chase, who talks about his emphasis on best practice, exemplified by RICS' two new codes of practice: "Service charges in commercial property" (L133990) and commercial leases (in production). | ||
| 590 | _aIKA180706 | ||
| 690 | _aABOUT RICS-RICS STRUCTURE AND GOVERNANCE-RICS SENIOR OFFICERS-RICS PRESIDENT | ||
| 942 | _n0 | ||
| 999 |
_c77358 _d77358 |
||